CLINICAL METHODS IN PEDIATRICS (Record no. 20984)
[ view plain ]
| 000 -LEADER | |
|---|---|
| fixed length control field | 00344nam a22001577a 4500 |
| 003 - CONTROL NUMBER IDENTIFIER | |
| control field | SGT |
| 020 ## - INTERNATIONAL STANDARD BOOK NUMBER | |
| International Standard Book Number | 9789386478672 |
| 082 ## - DEWEY DECIMAL CLASSIFICATION NUMBER | |
| Classification number | 618.92 |
| Item number | C20G |
| 100 ## - MAIN ENTRY--PERSONAL NAME | |
| Personal name | GUPTA, PIYUSH |
| 245 ## - TITLE STATEMENT | |
| Title | CLINICAL METHODS IN PEDIATRICS |
| 250 ## - EDITION STATEMENT | |
| Edition statement | 4TH |
| 260 ## - PUBLICATION, DISTRIBUTION, ETC. (IMPRINT) | |
| Place of publication, distribution, etc | INDIA |
| Name of publisher, distributor, etc | CBS PUB |
| Year of Publication | 2020 |
| 300 ## - PAGE DESCRIPTION | |
| No. of Pages | 665 |
| 650 ## - SUBJECT ADDED ENTRY--TOPICAL TERM | |
| Topical term or geographic name as entry element | PEDIATRICS |
| 942 ## - ADDED ENTRY ELEMENTS (KOHA) | |
| Source of classification or shelving scheme | Dewey Decimal Classification |
| Koha item type | Books |
| 942 ## - ADDED ENTRY ELEMENTS (KOHA) | |
| -- | 102 |
| Withdrawn status | Lost status | Source of classification or shelving scheme | Damaged status | Not for loan | Collection code | Home library | Current library | Shelving location | Date acquired | Vendor Name | Cost, normal purchase price | SGTU | Bill Number | Total Checkouts | Total Renewals | Full call number | Accession No. (Barcode) | Date last seen | Date last borrowed | Bill Date | Koha item type |
|---|---|---|---|---|---|---|---|---|---|---|---|---|---|---|---|---|---|---|---|---|---|
| Dewey Decimal Classification | MEDICAL | SGT Medical Library | SGT Medical Library | Text Book | 30/03/2021 | ABC DELHI | 795.00 | SGTU | 12725 | 22 | 1 | 618.92 C20G | FM12336 | 21/04/2025 | 31/03/2025 | 19/02/2021 | Books | ||||
| Dewey Decimal Classification | MEDICAL | SGT Medical Library | SGT Medical Library | Text Book | 30/03/2021 | ABC DELHI | 795.00 | SGTU | 12725 | 17 | 618.92 C20G | FM12337 | 10/03/2025 | 29/01/2025 | 19/02/2021 | Books | |||||
| Dewey Decimal Classification | MEDICAL | SGT Medical Library | SGT Medical Library | Text Book | 30/03/2021 | ABC DELHI | 795.00 | SGTU | 12725 | 28 | 618.92 C20G | FM12338 | 01/02/2025 | 28/01/2025 | 19/02/2021 | Books | |||||
| Dewey Decimal Classification | MEDICAL | SGT Medical Library | SGT Medical Library | Text Book | 30/03/2021 | ABC DELHI | 795.00 | SGTU | 12725 | 28 | 618.92 C20G | FM12339 | 03/02/2025 | 22/01/2025 | 19/02/2021 | Books | |||||
| Dewey Decimal Classification | MEDICAL | SGT Medical Library | SGT Medical Library | Text Book | 30/03/2021 | ABC DELHI | 795.00 | SGTU | 12725 | 23 | 618.92 C20G | FM12340 | 17/03/2025 | 17/03/2025 | 19/02/2021 | Books |